000 03028cam a22012014i 4500
003 PE-LiUPU
005 20250813185446.0
008 150623s r 000 0 d
020 _a970101958X
035 _a(Sirsi) i9789701019580
040 _aPE-LiUPU
_bspa
_cPE-LiUPU
_erda
049 _aPRUA
082 0 4 _a363.1
_bK64
_221
245 0 0 _aManual de evaluación y administración de riesgos :
_bpara profesionales en cuestiones ambientales, de la salud y la seguridad /
_cRao V. Kolluru, jefe, ed.;Steven M. Bartell.. [et al.].
264 1 _aMéxico, DF :
_bMcGraw-Hill,
_c2000.
300 _aPág. varia :
_bilustraciones fotos, tablas, diagrámas, gráficos ;
_c24 centímetros
336 _atext
_2rdacontent
337 _aunmediated
_2rdamedia
338 _avolume
_2rdacarrier
504 _aIncluye bibliografía.
505 0 _aPanorama general y enlaces. Salud. Seguridad. Ecología Evaluación de riestos internacionales. Comunicación de riesgos. Perspectivas adicionales.
526 _aP202
526 _aP201
526 _aP163
526 _aP162
526 _aP161
526 _aP160
526 _aP148
526 _aP147
526 _aP146
526 _aP145
526 _aP144
526 _aP143
526 _aP142
526 _aP141
526 _aP140
526 _aP139
526 _aP138
526 _aP137
526 _aP136
526 _aP135
526 _aP134
526 _aP133
526 _aP129
526 _aP128
526 _aP127
526 _aP120
526 _aP119
526 _aP118
526 _aP116
526 _aP115
526 _aP114
526 _aP110
526 _aP109
526 _aP108
526 _aP104
526 _aP103
526 _aP102
526 _aP99
526 _aP98
526 _aP97
526 _aP96
526 _aP95
526 _aP93
526 _aP90
526 _aP89
526 _aP88
526 _aP83
526 _aP82
526 _aP62
526 _aP59
526 _aP58
526 _aP57
526 _aP51
526 _aP49
526 _aP48
526 _aP47
526 _aP29
526 _aP24
526 _aP20
526 _aP19
526 _aP17
526 _aP15
526 _aP14
526 _aP12
526 _aP10
526 _aP09
526 _aP08
526 _aP07
526 _aP06
526 _aP05
526 _aP04
526 _aP01
650 0 4 _aRiesgo ambiental
_xSeguridad.
650 0 4 _aRiesgo
_xSeguridad.
700 1 _aKolluru, Rao V.
942 _2ddc
_cBOOK
949 _a363.1 K64
_wDEWEY
_c1
_i53002
_lCCODEBUL1
_mBUL
_p80.00
_r0
_sY
_tBOOK
_u2015-6-24
_xFCE
_zUNKNOWN
_0COMPRA
_o.STAFF. Colección General
994 _aC0
_bPEPRU
596 _a1
999 _a363.1 K64
_wDEWEY
_c33753
_i53002
_f2021-11-5
_g6
_lCCODEBUL1
_mBUL
_p80.00
_r0
_sY
_tBOOK
_u2015-6-24
_xBIBLIOTECA
_zUNKNOWN
_0COMPRA
_o.STAFF. Colección General
_d33753
980 _81
_gALBERTO SANCHEZ Responsable de Automatización